Statistics for Perfect Scrambles

Click here to take the quiz!

General Stats

  • This quiz has been taken 11 times
  • The average score is 12 of 20

Answer Stats

WordScramble (s)% Correct
AteEat/Tea
100%
LiveEvil/Veil/Vile/Vlei
100%
HoseHoes/Shoe
100%
BinNib
100%
TwoTow/Owt/Wot
100%
TangGnat
90%
LiteTile
90%
RingGrin/Girn
80%
FliesFiles
70%
BonzerBronze
60%
SilosSoils
60%
TriedTired
60%
BecharmChambre/Brecham/Chamber
40%
RedonDrone/Ronde
40%
AlertLater/Alter/Artel/Ratel/Taler
40%
DessertsStressed
30%
ArgentineTangerine
30%
DirectCredit/Triced
20%
ChapterPatcher/Repatch
20%
HungerRehung
10%

Score Distribution

Percentile by Number Answered

Percent of People with Each Score

Your Score History

You have not taken this quiz